Normal view
MARC view
- التربية الخاصة-طرق التدريس-المناهج-التربية
Entry Topical Term
001 - CONTROL NUMBER
- control field: 60617
003 - CONTROL NUMBER IDENTIFIER
- control field: JO-AjAnu
005 - DATE AND TIME OF LATEST TRANSACTION
- control field: 20230606083916.0
008 - FIXED-LENGTH DATA ELEMENTS
- fixed length control field: 230606|| aca||aabn | a|a d
040 ## - CATALOGING SOURCE
- Original cataloging agency: JO-AjAnu
- Transcribing agency: JO-AjAnu
150 ## - HEADING--TOPICAL TERM
- Topical term or geographic name entry element: التربية الخاصة-طرق التدريس-المناهج-التربية
670 ## - SOURCE DATA FOUND
- Source citation: Work cat.: (JO-AjAnu)30912: تأليف Phillip D.Rumrill, Bryan G.Cook مؤلفون مشاركون, Anderw L.Wiley؛ ترجمة علياء جمال حمدي, author 60616, البحث في التربية الخاصة: التصميمات والمناهج والتطبيقات=RESEARCH IN SPECIAL EDUCATION:DESIGENS,METHODS,AND APPLICATIONS